000 01182nam a22003377a 4500
003 CHAP
005 20220329134628.0
008 971013s1977 r 00010 d
010 _a23238
011 _a24210
035 _a28309
040 _cCHAP
090 _aTesis
100 0 0 _aBrambila Paz, José de Jesús.
_915005
245 _aProducción y localización agrícola ; una visión particular de su dinamismo
260 _aChapingo, Méx. :
_bEl autor,
_c1977
300 _a313 h. mapas
502 _aTesis (Ing. Agr. Esp. en Economía Agrícola) -- ENA. Departamento de Economía Agrícola
590 _aALEPH
_b10
_c20130110
_lUCH01
_h1247
590 _aBATCH-UPD
_b10
_c20130110
_lUCH01
_h1702
590 _aBATCH-UPD
_b10
_c20130410
_lUCH01
_h1050
590 _aBATCH-UPD
_b10
_c20130914
_lUCH01
_h2046
590 _aCONVERSION
_b10
_c20130109
_lUCH01
_h1314
650 1 4 _aAgricultura
_xAspectos economicos
_xHistoria.
_91254
650 1 4 _aAgricultura
_xAspectos economicos
_zMexico.
_91312
650 1 4 _aTierras
_xTenencia
_xHistoria.
_9113171
901 _aBK
942 _cFOLL
949 _bBC
_cTES
_d-65294
_eTS1
_i28309
_si
949 _bBC
_cTES
_d-65295
_eTS2
_fc.2
_i28309
_si
999 _c23238
_d23238